| 000 | 00749nam a22002537a 4500 | ||
|---|---|---|---|
| 999 |
_c2859 _d2859 |
||
| 003 | OSt | ||
| 005 | 20230824113204.0 | ||
| 008 | 230824b ||||| |||| 00| 0 eng d | ||
| 020 | _a4713264312487 | ||
| 040 | _cKH8 | ||
| 082 | _a495 YEH | ||
| 100 |
_aYeh, Shao-Ping, _eauthor. |
||
| 245 |
_aAmazing Chinese 2 Workbook / _cShao-Ping Yeh. |
||
| 260 |
_aTaiwan; _bKang Hsuan Educational Publishing, _c2019. |
||
| 300 |
_a148 pages : _billustrations ; _c21 cm x 28 cm. |
||
| 440 |
_aAmazing Chinese _n2 |
||
| 650 |
_aMandarin _vForeign language |
||
| 650 |
_aMandarin _vGrammar |
||
| 700 |
_aChen, Lifen, _eauthor. |
||
| 700 |
_aTu, Jessy, _eauthor. |
||
| 700 |
_aTam, Hugo Wing-Yu, _eauthor. |
||
| 700 |
_aDaiwei, Wei, _eauthor. |
||
| 942 |
_2ddc _cTR |
||